| 000 | 00683nam a2200229 a 4500 | ||
|---|---|---|---|
| 999 |
_c11499 _d11499 |
||
| 001 | 11499 | ||
| 003 | BD-JhCC | ||
| 005 | 20191019090718.0 | ||
| 008 | 180624b 2006bg a|||| ||a| 000 0 ben d | ||
| 020 | _a9844222180 | ||
| 035 | _a(BD-JhCC)11499 | ||
| 040 |
_aBD-JhCC _dBD-JhCC |
||
| 041 | _aben | ||
| 082 |
_bALM 2006 _a920 |
||
| 100 | _aআলম, ফখরে | ||
| 245 |
_aআলোকিত নারী আঞ্জেলা গমেজ / _cফখরে আলম । |
||
| 260 |
_aঢাকা: _bবিদ্যা প্রকাশ; _c২০০৬. |
||
| 300 |
_a৩৮ পৃ. : _c২২ সেমি. |
||
| 650 | _aBiography | ||
| 942 |
_2ddc _cBK |
||